000 00367nam a2200121Ia 4500
008 220620s9999||||xx |||||||||||||| ||und||
245 0 _aRecent Advances in Pyrolysis
546 _aEnglish[eng]
650 _aOrganic chemistry
700 _aAl- Haj Ibrahim, Hassan
856 _uhttps://mts.intechopen.com/storage/books/7715/authors_book/authors_book.pdf
942 _cEB
999 _c34650
_d34650